[Event "POR-ch U16"]
[Site "Braga"]
[Date "2013.08.04"]
[Round "4.13"]
[White "Nogueira, Diana Sofia Cunha"]
[Black "Sousa, Alfredo Da Costa E"]
[Result "0-1"]
[WhiteElo "1434"]
[BlackElo "1190"]
[PlyCount "100"]
[EventDate "2013.08.02"]
[EventType "swiss"]
[EventRounds "7"]
[EventCountry "POR"]
[SourceTitle "EXT 2015"]
[Source "ChessBase"]
[SourceDate "2014.11.20"]
[SourceVersion "1"]
[SourceVersionDate "2014.11.20"]
[SourceQuality "1"]

1. e4 b6 2. d4 Bb7 3. Nc3 e6 4. Nf3 Bb4 5. Bd3 Nf6 6. Bg5 h6 7. Bxf6 Qxf6 8. e5 Qd8 9. a3 Be7 10. Qe2 d6 11. Be4 d5 12. Bd3 c5 13. Qe3 0-0 14. Ne2 c4 15. Ng3 cxd3 16. Qxd3 Bg5 17. h4 Be7 18. Ne2 Ba6 19. Qe3 Bxe2 20. Kxe2 f6 21. g4 Nd7 22. Rag1 Qe8 23. g5 fxg5 24. hxg5 hxg5 25. Nxg5 Qg6 26. Rg4 Bxg5 27. Rxg5 Qxc2+ 28. Kf1 Qb1+ 29. Kg2 Qe4+ 30. Qxe4 dxe4 31. Rh6 Kf7 32. Rh7 Rg8 33. Rg4 Rac8 34. Rxe4 Rh8 35. Rxh8 Rxh8 36. Re3 Rc8 37. d5 Rc5 38. dxe6+ Kxe6 39. f4 Rc2+ 40. Kg3 Rxb2 41. Kg4 g6 42. Rd3 Ke7 43. Rd6 Nf8 44. Rc6 a5 45. Rc7+ Nd7 46. Kg5 Rg2+ 47. Kh4 Rf2 48. Kg3 Ra2 49. Rc3 Nc5 50. Kf3 Rb2 0-1